| 000 | 00481cam a22001815a 4500 | ||
|---|---|---|---|
| 001 | L157511 | ||
| 008 | 130109n xxk f 000 0 eng d | ||
| 035 | _a(Sirsi) u157511 | ||
| 041 | 0 | _aeng | |
| 110 | 2 | _aChartered Auctioneers' and Estate Agents' Institute | |
| 245 | 0 | 0 | _aAnnual Provincial Meeting |
| 260 |
_aLondon _b[CAEAI] _c[19-?]-[19-?] |
||
| 362 | 0 | _a1954-1958 | |
| 554 | _aOne per year | ||
| 651 | 4 |
_aGreat Britain _y1707- |
|
| 690 |
_aAuctioneering _96218 |
||
| 942 | _n0 | ||
| 999 |
_c119379 _d119379 |
||